000 00253nam a2200097Ia 4500
001 695450
005 20250826161953.0
008 250824s9999 xx 000 0 und d
245 0 _aPAKİZE (ANTİK)
_cSÜLEYMAN TEVFİK
260 _bANTİK DÜNYA KLASİKLERİ
999 _c695450
_d695450